[Event "Khomeyn Aftab Cup op 1st"]
[White "Mosavi, Seyed Masoud"]
[Black "Sanikidze, Tornike"]
[Site "Khomeyn"]
[Round "1"]
[Result "0-1"]
[Date "2017.08.29"]
[WhiteElo "1591"]
[BlackElo "2533"]
[PlyCount "58"]
[EventDate "2017.08.29"]
[EventType "swiss"]
[EventRounds "9"]
[EventCountry "IRI"]
[SourceTitle "CBM 180 Extra"]
[Source "ChessBase"]
[SourceDate "2017.10.06"]
[SourceVersion "1"]
[SourceVersionDate "2017.10.06"]
[SourceQuality "1"]

1. d4 Nf6 2. c4 g6 3. e3 Bg7 4. Nf3 0-0 5. Bd3 c5 6. Nbd2 cxd4 7. exd4 d5 8. c5 Nc6 9. b3 Nd7 10. Rb1 Nxd4 11. Nxd4 Bxd4 12. b4 a5 13. a3 Ne5 14. Be2 Bf5 15. Bb2 Bxb2 16. Rxb2 axb4 17. axb4 Nd3+ 18. Bxd3 Bxd3 19. Nb3 Bc4 20. Kd2 e6 21. Qg4 Ra3 22. Rhb1 Qf6 23. f3 Rfa8 24. Na5 h5 25. Qg3 Qc3+ 26. Kd1 Qd3+ 27. Ke1 Qf1+ 28. Kd2 Qe2+ 29. Kc1 Rc3+ 0-1